Product Design For Manufacture & Assembly (Record no. 30729)
[ view plain ]
| 000 -LEADER | |
|---|---|
| fixed length control field | 00353nam a22001457a 4500 |
| 003 - CONTROL NUMBER IDENTIFIER | |
| control field | OSt |
| 005 - DATE AND TIME OF LATEST TRANSACTION | |
| control field | 20220218092526.0 |
| 008 - FIXED-LENGTH DATA ELEMENTS--GENERAL INFORMATION | |
| fixed length control field | 220218b |||||||| |||| 00| 0 eng d |
| 020 ## - INTERNATIONAL STANDARD BOOK NUMBER | |
| International Standard Book Number | 9781420089271 |
| 040 ## - CATALOGING SOURCE | |
| Transcribing agency | HU |
| 082 ## - DEWEY DECIMAL CLASSIFICATION NUMBER | |
| Edition number | 3rd |
| Classification number | 658.5752 |
| 100 ## - MAIN ENTRY--PERSONAL NAME | |
| Personal name | Boothroyd |
| 9 (RLIN) | 30784 |
| 245 ## - TITLE STATEMENT | |
| Title | Product Design For Manufacture & Assembly |
| 942 ## - ADDED ENTRY ELEMENTS (KOHA) | |
| Source of classification or shelving scheme | Dewey Decimal Classification |
| Koha item type | Books like text book referance book |
| Suppress in OPAC | No |
| Withdrawn status | Lost status | Source of classification or shelving scheme | Damaged status | Not for loan | Home library | Current library | Shelving location | Date acquired | Total Checkouts | Full call number | Barcode | Date last seen | Copy number | Price effective from | Koha item type |
|---|---|---|---|---|---|---|---|---|---|---|---|---|---|---|---|
| Dewey Decimal Classification | IoT Library | IoT Library | General Stacks | 02/18/2022 | 658.5752/BOO/2011 | IOTL0013921 | 02/18/2022 | 1 | 02/18/2022 | Books like text book referance book | |||||
| Dewey Decimal Classification | IoT Library | IoT Library | General Stacks | 02/18/2022 | 658.5752/BOO/2011 | IOTL0013922 | 02/18/2022 | 2 | 02/18/2022 | Books like text book referance book | |||||
| Dewey Decimal Classification | IoT Library | IoT Library | General Stacks | 02/18/2022 | 658.5752/BOO/2011 | IOTL0013923 | 02/18/2022 | 3 | 02/18/2022 | Books like text book referance book | |||||
| Dewey Decimal Classification | IoT Library | IoT Library | General Stacks | 02/18/2022 | 658.5752/BOO/2011 | IOTL0013924 | 02/18/2022 | 4 | 02/18/2022 | Books like text book referance book |